Marcelino pan y vino y otras narraciones (Registro nro. 16525)

Detalles MARC
000 -CABECERA
Longitud fija campo de control 00622nam a2200193 a 4500
003 - IDENTIFICADOR DELl NÚMERO DE CONTROL
Identificador del número de control OSt
005 - FECHA Y HORA DE LA ÚLTIMA TRANSACCIÓN
Fecha y hora de la última transacción 20150105171916.0
008 - CÓDIGOS DE INFORMACIÓN DE LONGITUD FIJA
Códigos de información de longitud fija 020226s1969 esp spa d
040 ## - FUENTE DE LA CATALOGACIÓN
Centro transcriptor BMC
082 ## - NÚMERO DE LA CLASIFICACIÓN DECIMAL DEWEY
Númeroo de clasificación 863
100 1# - PUNTO DE ACCESO PRINCIPAL-NOMBRE DE PERSONA
Nombre de persona Sánchez-Silva, José María
9 (RLIN) 29383
Fechas asociadas al nombre 1911-2002
245 10 - MENCIÓN DE TÍTULO
Título Marcelino pan y vino y otras narraciones
Mención de responsabilidad, etc. José Mª Sánchez-Silva ; prólogo de José García Nieto
260 ## - PUBLICACIÓN, DISTRIBUCIÓN, ETC. (PIE DE IMPRENTA)
Lugar de publicación, distribución, etc. Madrid
Nombre del editor, distribuidor, etc. Salvat
Fecha de publicación, distribución, etc. D.L. 1969
300 ## - DESCRIPCIÓN FÍSICA
Extensión 173 p.
Dimensiones 18 cm
490 0# - MENCIÓN DE SERIE
Mención de serie Biblioteca básica Salvat. Libro RTV
Designación de volumen o secuencia 31
650 24 - PUNTO DE ACCESO ADICIONAL DE MATERIA - TÉRMINO DE MATERIA
9 (RLIN) 29289
Término de materia o nombre geográfico como elemento inicial Novela española
700 1# - PUNTO DE ACCESO ADICIONAL - NOMBRE DE PERSONA
9 (RLIN) 29382
Nombre de persona García Nieto, José
Fechas asociadas al nombre 1914-2001
942 ## - ENTRADA DE ELEMENTOS AGREGADOS (KOHA)
Fuente de clasificaión o esquema Dewey Decimal Classification
Koha [por defecto] tipo de item 1- Monografias
Existencias
Suprimido Perdido Fuente de clasificación o esquema Estropeado Restricciones de uso No para préstamo Código de colección Localización permanente Localización actual Localización en estanter&íacute;as Fecha adquisición Fuente de adquisición Número de inventario Préstamos totales Signatura completa Código de barras Fecha última consulta Coste, precio reemplazado Fecha del precio de reemplazo Tipo de item de Koha
NULL NULL Dewey Decimal Classification NULL Prestable NULL NULL Biblioteca Miguel de Cervantes - UNICAES Biblioteca Miguel de Cervantes - UNICAES Sala Principal 10/12/2014 Donación - Enpade 025785   N SAN mar 1026195 10/12/2014 8.45 10/12/2014 1- Monografias